00788 2200181 4500245006400000020002200064250001100086100001400097700002500111650001700136005001900153260003200172041001400204084001100218300002200229500034600251336000900597 aAncika b : Dia yang Bersamaku Tahun 1995cPidi BaiqhText a978-602-6716-89-7 aCet. 1 aPidi Baiq aEsti Ayu Budihabsari aNovel Remaja a20240125102724 aBandungbPastel Booksc2021 aIndonesia a808.83 a340 hlm. :cilus. aAncika ini, pacarnya Dilan. Mereka saling mengenal setelah Dilan sudah tidak lagi berpacaran dengan Lia. Ya, gitu deh, mau gimana lagi, drama kehidupan namanya juga. Pilihan dibuat, bisa benar, bisa salah. Kita ini hanya manusia dan hidup hanya permainan. Mendingan baca aja, Inilah kisah asmara Ancika dan Dilan. Mudah-mudahan menyenangkan. atext